Planning and implementing your final year project-with success! : a guide for students in computer science and information systems

Αποθηκεύτηκε σε:
Λεπτομέρειες βιβλιογραφικής εγγραφής
Άλλοι συγγραφείς: Berndtsson, Mikael 1967-
Μορφή: Βιβλίο
Γλώσσα:English
Δημοσίευση: London : Springer, c2002
Θέματα:
Ετικέτες: Προσθήκη ετικέτας
Δεν υπάρχουν, Καταχωρήστε ετικέτα πρώτοι!

MARC

LEADER 00000nam a2200000 i 4500
001 1/64465
008 071126s2002 eng d
020 |a 1-85233-332-4 
035 |l 10092548 
040 |a GR-MY-UA  |b gre  |e aacr 
041 0 |a eng 
082 0 |a 004.0711  |2 (22) 
245 1 0 |a Planning and implementing your final year project-with success! :  |b a guide for students in computer science and information systems /  |c M. Berndtsson ... [κ.ά.]. 
260 |a London :   |b Springer,   |c c2002 
300 |a x, 152 σ.;  |b εικ.;  |c 14 εκ. 
504 |a Περιλαμβάνει βιβλιογραφίες και ευρετήριο. 
650 0 0 |a Computer science  |x Study and teaching (Higher) 
650 0 0 |a Project method in teaching. 
700 1 |a Berndtsson, Mikael  |d 1967- 
852 |a INST  |b SYROS  |e 20071126  |h 004.0711 PLA  |p 005500006998  |q 005500006998  |t BK  |y 0 
901 |a BIBL5-2007-3 
909 |a Ε  |b 133209 
922 |a 5ΕΛΗ  |b 200709  |c ΒΙΒΛΙΟΘΗΚΗ ΣΥΡΟΥ  |d GLORYBOOK 
970 |a ΚΑΓΙΑΒΑ  |b ΕΙΡΗΝΗ  |z 2007/11/26